Explication des planches de J. C. Savigny /
Main Author:
Other Authors: ,
Format: Book
Language: French
Published:
Le Caire :
Imprimerie de l'Institut français d'archéologie orientale,
1926.
Series:
Mémoires présentés à l'Institut d'Égypte ;
11.
Mémoires de l'Institut d'Égypte ;
11.
MIE ;
11.
Subjects:
Tags: Add Tag
Call Number: DT43 .I625 v.11
| LEADER | 01225namaa2200301 4500 | ||
|---|---|---|---|
| 001 | 18848 | ||
| 003 | OSt | ||
| 005 | 20260316131304.0 | ||
| 008 | 130303s1926 ua af 000 0 fre d | ||
| 010 | |a 27013607 | ||
| 040 | |c ARCE Library | ||
| 043 | |a f-ua--- | ||
| 050 | 4 | |a DT43 .I625 v.11 | |
| 100 | 1 | |a Pallary, Paul, |d 1869-, |e author |9 37251 | |
| 245 | 1 | 0 | |a Explication des planches de J. C. Savigny / |c par Paul Pallary, avec la collaboration de MM. Ph. Dautzenberg, major Dupuis, L. Joleaud, A. Koch, E. Lamy, A. Vayssière et L. Vignal. |
| 264 | 1 | |a Le Caire : |b Imprimerie de l'Institut français d'archéologie orientale, |c 1926. | |
| 300 | |a viii, 138 pages, 18 leaves of plates : |b illustrations ; |c 28 cm. | ||
| 490 | 0 | |a Mémoires présentés à l'Institut d'Égypte ; |v 11. | |
| 490 | 0 | |a Mémoires de l'Institut d'Égypte ; |v 11. | |
| 490 | 0 | |a MIE ; |v 11. | |
| 500 | |a "[Explication des] belles planches des mollusques de la Description de l'Égypte, dues à Savigny." --Préf. | ||
| 555 | |a wafaa.lib. | ||
| 650 | 0 | |a Mollusks |z Egypt. | |
| 700 | 1 | |a Savigny, Jules-César, |d 1777-1851. |9 39264 | |
| 700 | 1 | |a Dautzenberg, Ph. |q (Philippe), |d 1849-1935. |9 28668 | |
| 901 | |a reviewed | ||
| 942 | |c BK |2 lcc | ||
| 999 | |c 20225 |d 20225 | ||
